| 000 -LEADER |
| fixed length control field |
00512nam a2200169 4500 |
| 008 - FIXED-LENGTH DATA ELEMENTS--GENERAL INFORMATION |
| fixed length control field |
151015b xxu||||| |||| 00| 0 eng d |
| 020 ## - INTERNATIONAL STANDARD BOOK NUMBER |
| International Standard Book Number |
2900071263930 |
| 041 0# - LANGUAGE CODE |
| Language code of text/sound track or separate title |
eng |
| 080 ## - UNIVERSAL DECIMAL CLASSIFICATION NUMBER |
| Universal Decimal Classification number |
339.138 |
| 245 0# - TITLE STATEMENT |
| Title |
Services Marketing : |
| Statement of responsibility, etc |
Valarie A. Zeithaml,Mary jo Bitner,Dwayne D.Gremler. |
| 250 ## - |
| -- |
5th ed. |
| 260 ## - |
| -- |
New York: |
| -- |
McGraw-Hill/Irwin |
| -- |
2009. |
| 300 ## - |
| -- |
[708] f.; |
| -- |
me il.; |
| -- |
26 cm |
| 650 #0 - |
| -- |
Marketing |
| 650 #0 - |
| -- |
Shërbimet |
| 942 ## - ADDED ENTRY ELEMENTS (KOHA) |
| Source of classification or shelving scheme |
|
| Item type |
Books |